| 000 | 00585nam a2200181 i 4500 | ||
|---|---|---|---|
| 001 | 95350 | ||
| 003 | ES-MaACL | ||
| 005 | 20230906181703.0 | ||
| 007 | t| | ||
| 008 | 050526s1978 sp ||||1| spa d | ||
| 100 | 1 |
_aLuz Lamarca, Rodrigo de. _974902 |
|
| 245 | 1 | 3 |
_aLa catedral de Cuenca siglo XIII _b: cuna del gótico castellano / _cRodrigo de Luz Lamarca. |
| 250 | _a1ª ed. | ||
| 260 |
_aCuenca : _bRodrigo de Luz Lamarca, _c1978. |
||
| 300 |
_a160 p. con 38 lám : _bil. ; _c29 cm. |
||
| 610 | 2 | 4 |
_aCatedral de Santa María (Cuenca) _9149832 |
| 852 |
_aES-MaACL _jA-9224 _bR.98168 |
||
| 999 |
_c95350 _d95350 |
||